00750nam a22001695i 4500001000700000003000900007005001700016008004100033245012800074260005400202300004700256596003500303650003000338852006700368999001900435952012600454158092ES-MaACL20230906211015.0041008q1875 fr a |||| | fre d00aL'oracle parfait ou le passe-temps des dames. Art de tirer les cartes avec explication / cpar M. Lenormand, Etteilla, etc. aParis : bM. Delaure, c[1875.] (fTyp. M. et P.) a[1] h. pleg., 150, 8 p. : bil. ; c19 cm. aAño tomado de BN Opale Plus. 4aJuegos de cartas.91363244 aES-MaACLjG-10717 z- Enc. hol. z- Legado M. de La Fuente c158092d158092 001040708LIBXIXaATENEOMbATENEOMcSPP3d2008-01-17eSSCl0oG-10717p1165457r2023-02-23 00:00:00w2023-02-23yMONANT